|
|
|
|
| LEADER |
00000cam a2200000 4500 |
| 001 |
vtls012064800 |
| 003 |
SK-MaSNL |
| 005 |
20260504080209.0 |
| 008 |
251114s1696 au a f 00000 hun |
| 015 |
|
|
|a SNBHFA
|
| 040 |
|
|
|a SNKHF
|b slo
|c SNKHF
|e rda
|
| 041 |
0 |
|
|a hun
|
| 044 |
|
|
|a au
|c AT
|
| 072 |
|
7 |
|a 2
|x Náboženstvo
|2 konspekt
|
| 072 |
|
7 |
|a 27-46/-48
|x Pastorálna teológia
|2 konspekt
|
| 080 |
|
|
|a 2-475.5
|2 2011
|
| 080 |
|
|
|a 27-475.5
|2 2011
|
| 100 |
1 |
|
|a Illyés, Andrej,
|d 1639-1712
|4 aut
|9 722990
|
| 245 |
1 |
0 |
|a Megrövidittetet Ige
|b Az-az; Vasárnapi Rövid Prédikatioknak Könyve, Melly egész esztendö által minden Vasárnapokra Harmas Predikatiot Foglal magában: mekkyeket. Sok esztendökben eleven nyelvel prédikállot azután egybeszedvén, és rövid sommába foglalván: Két Reszre rendensen elosztván vilagosságra bocsátott, elsöbben Deákul, most pedig Magyarul. Istennek nagyobb discöségére: sok lelkeknek vigasztalására, épületére, és üdvösségére
|n Második Resze
|c Illyes Andras, Erdelyi Püspök
|
| 264 |
|
3 |
|a Becsben Nyomtattatott
|b Sischowitz Máttyás által.
|c M.DC.XCVI. (1696)
|
| 300 |
|
|
|a 568 strán
|c 20 cm
|
| 336 |
|
|
|a text
|b txt
|2 rdacontent
|
| 337 |
|
|
|a bez média
|b n
|2 rdamedia
|
| 338 |
|
|
|a zväzok
|b nc
|2 rdacarrier
|
| 500 |
|
|
|a Vinety, linky, iniciálky s ornamentálnym pozadím vo voľnom priestore na 5, 6 riadkov, kustody
|
| 501 |
|
|
|a Príväzok 1. k: ILLYES, Andrej. Megrövidittetet Ige Az-az; Vasárnapi Prédikatioknak Könyve ... Elsö Resze. Becsben Nyomtattatott : Sischowitz Máttyás által, M.DC.XCVI. (1696).
|5 SNK ID 66837/1-2
|
| 504 |
|
|
|a Tlačené marginálie
|
| 563 |
|
|
|a Väzba: previazaná, bledožltá hladká koža.
|5 SNK ID 66837/1-2
|
| 650 |
0 |
7 |
|a kázne
|2 SNKPH
|9 1954
|
| 700 |
1 |
|
|a Sischowitz, Máttyás
|4 prt
|9 364514
|
| 752 |
|
|
|a Rakúsko
|d Viedeň
|
| 852 |
|
|
|a snk
|b Historické fondy
|p ID 66837/1-2/prív.1
|
| 958 |
|
|
|a ONDV
|
| 958 |
|
|
|a DC
|
| 999 |
|
|
|c 608945
|d 610875
|
| 952 |
|
|
|t Tlače 16. stor.
|a SNK
|b SNK
|c SNK_HF
|y PREZ
|7 0
|p 17A1397544
|o snkID 66837/1-2/prív.1
|i snkF 2403/76
|8 5
|0 0
|1 0
|4 0
|d 2021-08-09
|f 1
|l 0
|r 2026-02-23 16:18:02
|w 2026-02-23
|